000 00507nmm a2200157Ia 4500
008 251105s9999||||xx |||||||||||||||||und||
020 _a9789561411043
041 _aspa
100 _aBecker Ureta, Germán
245 0 _aAlameda entre Lira y Portugal. Historias y recuerdos de la UC
264 _a[Santiago de Chile, Chile] :
_bEdiciones UC,
_c2009
300 _a143 páginas
650 _aHistory of the Americas: Latin America
856 _uhttps://public.digitaliapublishing.com/a/15172
942 _cCF
999 _c94128
_d94128